00880cam a2200241 a 4500001000800000005001700008008004100025020001600066040001800082082002300100245010400123260009100227300002000318500005000338650001600388650002200404650003400426650003500460700002800495942000600523952009600529999001300625492611120240416023101.0950712s1996 nyuc b 000 0 eng  a9628161040. aDLCcDLCdDLC00a323.4220bPOW. 00aPower vs conscience :bThe Excommunication of Fr. Tissa Balasuriya /cEdited by Bruce Van Voorhis . aHong Kong :bAsian Human Rights Commission and Asian Legal Resource Centre Ltd.c1997. aviii, 139 p. : a"Publications of John A. Moses": p.[525]-531. 0aNationalism 0aPolitical culture 0aHolocaust, Jewish (1939-1945) 0aOpposition (Political science)1 aBrue Van Voorhis .eedt cL 001040708LaWERCLbWERCLd2024-03-11l0o943.08 POW. p6431r2024-03-11w2024-03-11yL c565d565